| 000 | 00605nam a2200265Ia 4500 | ||
|---|---|---|---|
| 005 | 20260306163707.0 | ||
| 008 | 008 260114s9999 xx 000 0 eng d | ||
| 020 | _a9781781384022 | ||
| 037 | _aEBOOK | ||
| 040 | _aCRL | ||
| 040 | _beng | ||
| 040 | _cCRL | ||
| 041 | _2eng | ||
| 041 | _aeng | ||
| 084 | _qCRL | ||
| 100 |
_aCampbell, Niblett _91129171 |
||
| 245 | 4 | _aThe Caribbean | |
| 260 | _bLiverpool University Press | ||
| 260 | _c2017 | ||
| 650 | _aSocial Work | ||
| 856 | _uhttps://academic.oup.com/book/43250 | ||
| 942 | _cEBOOK | ||
| 999 |
_c1711113 _d1711113 |
||